000 00891aam a2200301 i 4500
001 768714001
003 CO-MdFUSB
005 20250919094313.0
007 ta
008 250918t1984 mx ||||| |||| 00| 0 spa d
020 _a968-7011-10-6
040 _aCO-MdFUSB
_bspa
_cCO-MdFUSB
_dCO-MdFUSB
_erda
041 0 _aspa
082 0 4 _223
_a251
_bC3295c
100 1 _aCarty, Marjorie T.
_eautor
245 1 0 _aComunicación y proclamación del evangelio hacia el siglo XXI
_c/ Marjorie T. Carty , James W. Carty
264 1 _bCasa Unida de Publicaciones,
_aMéxico :
_c[1984]
264 4 _c©1984
300 _a190 páginas
336 _atexto
_btxt
_2rdacontent
337 _2rdamedia
_asin mediación
_bn
338 _2rdacarrier
_avolumen
_bnc
563 _aRústico
653 _aHomilética
700 _aCarty, James W.,
_911953
_eautor
942 _cBK
945 _aElías Tolentino
999 _c36264
_d36264